Statistics for How many Roblox games can you name?

Click here to take the quiz!

General Stats

  • This quiz has been taken 285 times
    (222 since last reset)
  • The average score is 23 of 752

Answer Stats

Game% Correct
Adopt Me!
70%
Brookhaven
62%
n
45%
Piggy
45%
DOORS
43%
Murder Mystery 2
43%
Jailbreak
40%
Blox Fruits
37%
Arsenal
36%
MeepCity
36%
Pet Simulator!
33%
The Tower of Hell
32%
Tower of Hell
32%
Royale High
28%
Welcome to Bloxburg
27%
Work at a Pizza Place
27%
Natural Disaster Survival
23%
BedWars
22%
Break In
20%
Flee The Facility
20%
Pet Simulator X!
20%
Rainbow Friends
20%
Evade
19%
KAT
19%
Epic Minigames
17%
Livetopia
17%
Da Hood
16%
[SURVIVE]
16%
Tower Defense Simulator
16%
3008
15%
Fashion Famous
15%
Hide and Seek Extreme
15%
Prison Life
15%
SL
15%
Super Hero Tycoon
15%
Superhero Tycoon
15%
Mad City
14%
BEAR
13%
Bee Swarm Simulator
13%
PLS DONATE
13%
Speed Run 4
13%
The Mimic
13%
Phantom Forces
12%
Theme Park Tycoon 2
12%
BIG Paintball!
11%
Breaking Point
11%
Build A Boat For Treasure
11%
Slap Battles
11%
Zombie Attack
11%
Doomspire Brickbattle
10%
Easy Obby
10%
Granny
10%
Ninja Legends
10%
Pet Simulator 2!
10%
Restaurant Tycoon
10%
Spider
10%
Total Roblox Drama
10%
Berry Avenue
9%
Bubble Gum Simulator
8%
Flicker
8%
Islands
8%
[PARKOUR]
8%
Parkour
8%
Parkour!
8%
Survive the Killer!
8%
Tower of Misery
8%
Broken Bones IV
7%
Camping
7%
Camping 2
7%
Car Crushers 2
7%
Catalog Avatar Creator
7%
Club Roblox
7%
Deepwoken
7%
Kitty
7%
Legends of Speed
7%
Mega Easy Obby
7%
Ragdoll Engine
7%
Restaurant Tycoon 2
7%
Retail Tycoon
7%
Spray Paint!
7%
Squid Game
7%
Airplane
6%
Apeirophobia
6%
Color Block
6%
Don't Press The Button
6%
Flood Escape 2
6%
Hole in the Wall
6%
Hotel
6%
Lumber Tycoon 2
6%
Mall Tycoon
6%
My Restaurant!
6%
Robloxian High School
6%
SharkBite 2
6%
Shrek in the Backrooms
6%
SKYWARS
6%
Speed Draw!
6%
Strongman Simulator
6%
Adopt and Raise
5%
Airport Tycoon!
5%
Apocalypse Rising
5%
Assassin!
5%
Bakon
5%
Car Dealership Tycoon
5%
Cheese Escape
5%
Clone Tycoon 2
5%
Find The Markers
5%
Football Fusion
5%
[FREE ADMIN]
5%
Funky Friday
5%
Gacha Online
5%
Horrific Housing
5%
Maple Hospital
5%
Mega Fun Obby
5%
Mining Simulator
5%
Muscle Legends
5%
Rise of Nations
5%
Roblox High School
5%
The Underground War
5%
Zombie Rush
5%
Airplane 2
4%
Airplane 4
4%
All Star Tower Defense
4%
Animal Simulator
4%
Banana Eats
4%
BARRY'S PRISON RUN!
4%
Be a Parkour Ninja
4%
Combat Warriors
4%
Cook Burgers
4%
Counter Blox
4%
Cruise
4%
Daycare
4%
Field Trip Z
4%
Grand Piece Online
4%
Greenville
4%
Make a Cake!
4%
Military Tycoon
4%
nico's nextbots
4%
Outlaster
4%
Princess Tycoon
4%
Retail Tycoon 2
4%
SharkBite 1
4%
Sonic Speed Simulator
4%
Super Bomb Survival
4%
The Floor is LAVA!
4%
The Normal Elevator
4%
The Wild West
4%
Touch Football
4%
Tower of Fun
4%
Waterpark
4%
Water Park
4%
Wizard Tycoon
4%
Airplane 3
3%
Anime Tycoon
3%
Be Crushed by a Speeding Wall
3%
BOXING
3%
Build to Survive!
3%
Bulked Up
3%
Cart Ride Into Rdite!
3%
Color or Die
3%
Driving Empire
3%
Escape Running Head
3%
House Tycoon
3%
King Legacy
3%
Loomian Legacy
3%
MIC UP
3%
Obby Creator
3%
Race Clicker
3%
Roblox Titanic
3%
RoCitizens
3%
Scuba Diving at Quill Lake
3%
Specter
3%
Super Doomspire
3%
Survival The Jeff The Killer
3%
Tower Battles
3%
Tower Heroes
3%
TTD3
3%
War Tycoon
3%
Would You Rather..?
3%
Ability Wars
2%
Aimblox
2%
Anime Adventures
2%
Anime Fighting Simulator
2%
A Wolf Or Other
2%
Backpacking
2%
Bad Business
2%
BayView RP
2%
Bitcoin Miner
2%
Blox Hunt
2%
Bloxy Bingo
2%
Boxing League
2%
Build and Survive!
2%
Catalog Heaven
2%
Centipede
2%
Collect All Pets!
2%
Cotton Obby!
2%
Creatures of Sonaria
2%
Crewmates!
2%
Cursed Islands
2%
Dance Off
2%
Daycare 2
2%
Demonfall
2%
Dog!
2%
Dragon Adventures
2%
Driving Simulator
2%
Dungeon Quest
2%
EAT or DIE
2%
Elimination Tower
2%
Emergency Response: Liberty County
2%
Escape McDonalds Obby!
2%
Eviction Notice
2%
Feather Family
2%
Fishing Simulator
2%
Fling Things and People
2%
Frogge
2%
Garten of Banban
2%
Get Eaten!
2%
Guess the drawing!
2%
Horror Tycoon
2%
Horse Valley
2%
Identity Fraud
2%
item asylum
2%
Kaiju Universe
2%
Last To Leave
2%
Mega Mansion Tycoon
2%
Murderers vs. Sheriffs
2%
Murder Party
2%
Ninja Tycoon
2%
Pet Story
2%
Pick a Side
2%
Pilfering Pirates
2%
Plane Crazy
2%
Puppet
2%
Rate My Avatar
2%
Redwood Prison
2%
RoBeats!
2%
Roblox High School 2
2%
RoVille
2%
Scary Elevator!
2%
Shindo Life
2%
starving artists
2%
Super Golf!
2%
Super Simon Says
2%
Survive and Kill the Killers in Area 51 !!!
2%
Teddy
2%
The Elevator
2%
The Plaza
2%
The Presentation Experience
2%
The Streets
2%
Tower of Easy
2%
Treacherous Tower
2%
Tropical Resort Tycoon
2%
Vehicle Legends
2%
Vibe Place
2%
Wacky Wizards
2%
Westbound
2%
World // Zero
2%
Yeet A Friend!
2%
Your Bizarre Adventure
2%
Youtuber Tycoon!
2%
+1 Jump Every Second
1%
2 Player Girls Tycoon
1%
2 Player Millionaire Tycoon
1%
2 Player Super Hero Tycoon
1%
2 Player Superhero Tycoon
1%
3-2-1 Blast Off Simulator
1%
4 PLAYER Superhero Tycoon
1%
99% Fail Impossible Obby!
1%
A 0ne Piece Game
1%
ABA
1%
A Bizarre Day
1%
Accurate Piggy RP: The Return
1%
Acid Escape!
1%
Age of Heroes
1%
A Hero's Destiny
1%
All of Us Are Dead
1%
Alpine Slide to Telamon!
1%
Animatronic World !
1%
Anime Dimensions Simulator
1%
Anime Fighters Simulator
1%
Anime Mania
1%
Anime Ninja War Tycoon
1%
Aqualiana Parc aquatique
1%
Archived Nights
1%
A Universal Time
1%
Auto Rap Battles
1%
BABY BOBBY'S DAYCARE!
1%
Baby Simulator
1%
Backrooms Morphs
1%
Bad Cat
1%
Bakers Valley
1%
Baldi Basics Parkour Obby
1%
BALDI's BASICS Multiplayer
1%
Baldis Basics Parkour
1%
Ballroom Dance
1%
Base Battles
1%
Basically FNF
1%
Basically FNF: Remix
1%
Beat up simulator
1%
be dead forever simulator
1%
Beeface: Be a Bee!
1%
Ben 10 Super Hero Time
1%
Bendy and the ink Machine
1%
Beyond
1%
Big Brain Simulator
1%
Blackhawk Rescue Mission 5
1%
Blade Quest
1%
BlockParty
1%
Blocks!
1%
Blood Moon Tycoon
1%
BloxCity
1%
Blox Life!
1%
Blox Paradise
1%
Bloxtopia
1%
Bloxtropica!
1%
Boku No Roblox
1%
BOOGA BOOGA - 2020
1%
Boss Fighting Simulator
1%
BotClash Simulator
1%
Boxing Simulator
1%
Boys and Girls Dance Club!!
1%
Bridge Run
1%
Brookhaven RP Zombie Invasion
1%
Build to Survive Simulator
1%
Car Suspension Test
1%
cart ride around nothing
1%
Cart Ride Delivery Service
1%
Cart Ride Into Poppy!
1%
Catalog Outfit Creator
1%
Catwalk Show
1%
Circus Trip
1%
City Life
1%
Clicker Simulator
1%
Climb 1,000 Stairs
1%
Climb Color Tower
1%
Climb Time
1%
Clone Yourself
1%
Club Iris
1%
Club Life!
1%
Coded Clothing Mall
1%
Color Block Race!
1%
Color Block Tower!
1%
Color Craze
1%
Color Race
1%
Color Run
1%
Cool Obby 2
1%
Cool Parkour Obby
1%
Corridor Kawaii
1%
Corridor of Hell
1%
Cotton Tower
1%
Criminality
1%
CRIMINAL VS. SWAT
1%
Dance Your Blox Off
1%
DBZ Final Stand
1%
Deathrun
1%
Demon Slayer RPG 2
1%
Demon Soul Simulator
1%
Design It!
1%
Destruction Simulator
1%
Dimension 23
1%
Donate Me!
1%
Don't Call At 3AM
1%
Don't Press The Button 2
1%
Don't Press The Button 4
1%
DoomSpire Modded
1%
Dragon Ball Rage
1%
Dunking Simulator
1%
Eating Simulator
1%
Elemental Battlegrounds
1%
Encounters
1%
Energy Assault
1%
Entry Point
1%
ESCAPE AREA 51!
1%
Escape Papa Pizza's Pizzeria!
1%
Escape Prison Obby!
1%
Escape School Obby!
1%
Escape The Castle Fortress! Obby
1%
Escape The Dungeon Obby!
1%
Escape The Office Obby!
1%
Escape The School Obby!
1%
Expedition Antarctica
1%
Fall Block
1%
Fall of Hell
1%
Family Paradise
1%
Fantasia
1%
Find The Floppa Morphs
1%
Flag Wars!
1%
Flood Escape Classic
1%
Floppy's Playtime!
1%
Free Draw
1%
Freeze Tag
1%
Fruit Battlegrounds
1%
Gas Station Simulator
1%
GET TO THE TOP!
1%
Ghost Simulator
1%
GOD TYCOON
1%
Good Girls Sorority
1%
GREAT SCHOOL BREAKOUT!
1%
Growing Up
1%
Guerra de Torres
1%
Guess The Logo!
1%
Gym Tycoon!
1%
Heroes Online
1%
Hexa Game
1%
High School
1%
High School Life
1%
Homestead
1%
Hood Modded
1%
Hoopz
1%
Horse World
1%
Hospital Tycoon
1%
Hotel Elephant
1%
ICE CREAM SIMULATOR
1%
Impostor
1%
Infectious Smile
1%
Insane Elevator
1%
Island Royale
1%
Jenga
1%
Kaiju Paradise
1%
Knife Simulator
1%
Laundry Simulator
1%
Life In Paradise
1%
Life in Paradise
1%
Lifting Simulator
1%
Literally FNF!
1%
LOL DressUp!
1%
LUCKY BLOCKS Battlegrounds
1%
Marvel and DC Super Heroes
1%
Mega Hide and Seek!
1%
Mega Obby
1%
Mermaid Life
1%
Miner's Haven
1%
Mining Simulator 2
1%
Monday Morning Misery
1%
MUSCLE SIMULATOR
1%
My Hello Kitty Cafe
1%
Naval Warfare
1%
Ninja Legends 2
1%
No Jumping Difficulty Chart Obby
1%
Noob Train
1%
Notoriety
1%
oMega Obby
1%
Outfit Loader
1%
Pet Escape 2
1%
Pet Show Dress Up!
1%
Phantom Forces Console
1%
Pilot Training Flight Simulator
1%
Pizza Factory Tycoon
1%
Playtime
1%
Pop It Trading
1%
Prison Tycoon!
1%
Project Slayers
1%
Public Bathroom Simulator
1%
Ragdoll Simulator
1%
raise a floppa
1%
raise a floppa 2
1%
Ray's Mod
1%
Reason 2 Die Awakening
1%
Red Light, Green Light
1%
Red VS Blue VS Green VS Yellow!
1%
Ripull Minigames
1%
Robloxian Life
1%
Robloxian Waterpark
1%
ROBLOX NPCs are becoming smart!
1%
Roblox Talent Show
1%
Roblox Uno
1%
Ro-Ghoul
1%
Rogue Demon
1%
Rogue Lineage
1%
Ronald
1%
Ruze's Tower of Hell
1%
Saber Simulator
1%
Saitama Battlegrounds
1%
SCP Games and SCP Monsters
1%
SCP: Roleplay
1%
Shockwave Racing
1%
SHOOT OUT!
1%
Silent Assassin
1%
SIREN COP'S PRISON!
1%
Skate Park
1%
Southwest Florida
1%
Speed Run 12
1%
Speed Runner
1%
Speed Run Simulator
1%
Speed Tower
1%
STEEP STEPS
1%
Stop it, Slender!
1%
Strucid
1%
Superhero Simulator
1%
Super Villain Tycoon
1%
Teamwork Puzzles
1%
The CrusheR
1%
The Dropper
1%
The Maze
1%
Theme Park HeideLand
1%
The Really Easy Obby
1%
Thick Legends
1%
Tower of God
1%
Tower of Madness
1%
TPRR
1%
TPS: Street Soccer
1%
Train Simulator
1%
Treasure Hunt Simulator
1%
TSUNAMI SURVIVAL
1%
T-Titans Battlegrounds
1%
Twilight Daycare
1%
Two Player Obby 2
1%
UFO Tycoon
1%
Ultimate Driving
1%
Ultimate Easy Obby
1%
Ultimate Tower Defense
1%
Ultra Power Tycoon
1%
Unboxing Simulator
1%
Undead Defense Tycoon
1%
Vacation
1%
Vehicle Simulator
1%
Vehicle Tycoon
1%
Volleyball
1%
VR Hands
1%
War Simulator
1%
Weapon Fighting Simulator
1%
Weight Lifting Simulator 3
1%
Wild Revolvers
1%
WORMY
1%
YouTube Simulator
1%
Zombie Stories
1%
Zombie Uprising
1%
ZO ぞ SAMURAI
1%
فورت
0%
فورت نايت العرب
0%
초코타워 [Chocolate tower]
0%
Destruction Physics
0%
Dinosaur City Simulator
0%
Dinosaur Simulator
0%
Doge Head Escape
0%
Downfall
0%
Dragon Blox
0%
Dragon Blox Ultimate
0%
Dragons' Life
0%
Drift Paradise
0%
drive down the slide of doom!
0%
dum ragdoll game
0%
Easy Stud Jumps Obby
0%
Egg Farm Simulator
0%
el gato tower
0%
Encanto
0%
Escape Banana Guy!
0%
Escape Easy Admin Obby
0%
Escape Easy Parkour Obby
0%
Escape Grandpas House Obby!
0%
Escape Inflatable Obby!
0%
Escape McDonalds! (Classic)
0%
Escape Miss Ani-Tron's Detention!
0%
Escape Mr Funny's ToyShop!
0%
Escape Super Fat Guy Obby
0%
Escape the Barber Shop Obby!
0%
Escape The Butcher Shop Obby!
0%
Escape The Carnival of Terror Obby!
0%
Escape The Daycare Obby!
0%
Escape The Dentist Obby!
0%
Escape The Gym Obby!
0%
Escape The Hospital Obby
0%
ESCAPE THE HOTEL!
0%
ESCAPE The TABLET Obby
0%
Escape The World Obby
0%
Every Second You Get +1 Jump Power
0%
Fall 99999 Rainbow Spiral! Parkour Obby
0%
Farm World
0%
Fashion Famous (PC)
0%
Fashion Show!
0%
Fear Elevator
0%
Fish Game
0%
Flood Survival Waves
0%
FLOOR IS LAVA!
0%
Fly Race!
0%
Football Fusion 2
0%
Forgotten Worlds
0%
Fredbear's Mega Roleplay
0%
Free Items Game!
0%
gang up on people simulator
0%
Get Huge Simulator
0%
Giant Simulator
0%
Giant Survival!
0%
Goal Kick Simulator
0%
Grandma's House Horror Obby!
0%
Grandma Visit Story
0%
Granny Granny Granny Granny Granny
0%
Granny: Multiplayer
0%
GRUMPY GRAN
0%
H2O Mermaid Testing
0%
Happy Land
0%
Happy Runner
0%
Hard Obby Parkour
0%
Heroes of Robloxia
0%
Hide and Seek Transform
0%
Home Tycoon 2.0
0%
Hospital Life
0%
Hospital Roleplay!
0%
Hungry Pig
0%
Impossible Glass Bridge Obby!
0%
Impossible Squid game
0%
Iron Man Simulator 2
0%
Ivix Universe
0%
Kick Off
0%
Kohls Admin House NBC
0%
Light Game
0%
Literally FNF Testing Place
0%
Little World
0%
Magnet Simulator
0%
Mako Mermaids!
0%
Max Speed
0%
McDonald's Tycoon
0%
Mega Fun Obby 2
0%
Mega Marble Run Pit
0%
Mega Noob Simulator
0%
Military Warfare Tycoon
0%
Millionaire Empire Tycoon
0%
Mini Store
0%
Miraculous™ RP: Ladybug & Cat Noir
0%
MMC Zombie Project
0%
Mocap
0%
Mommy Long Legs Morphs
0%
Monsters of Etheria
0%
Mortem Metallum
0%
MR STINKY'S DETENTION
0%
Munching Masters Simulator
0%
Musical Chairs
0%
My Dragon Tycoon
0%
My Hero Mania
0%
Mymelody obby
0%
My Supermarket
0%
Ninja Assassin
0%
Noob Army Tycoon 1
0%
NO-SCOPE ARCADE
0%
OP NINJA SIMULATOR
0%
Overlook RP
0%
Panik
0%
Paradise Life
0%
Paranormica
0%
Parkour Run!
0%
Penguin Tycoon
0%
PET PARTY
0%
Pet Ranch Simulator
0%
Pet Swarm Simulator
0%
Piggy but it's 100 Players
0%
POLYBATTLE
0%
Poppy Playtime Morphs
0%
Power Simulator
0%
Pressure Wash Simulator
0%
Project JoJo
0%
Project Lazarus: ZOMBIES
0%
Punch Wall Simulator
0%
Ragdoll Testing
0%
Rage Runner
0%
Raise a Family!
0%
Random Rumble
0%
Read Description!
0%
Realistic Hand RP Without VR
0%
Realistic Ragdoll Physics
0%
Reaper 2
0%
Rebirth Champions X
0%
Redcliff City RP
0%
Rob Mr Rich's Mansion Obby!
0%
Rob The Bank Obby!
0%
Ro-meet: Talk to Strangers
0%
RoTube Life!
0%
RPG Simulator
0%
Rumble Quest
0%
Scary Elevator 2
0%
SCP-096 Demonstration
0%
Seabord City
0%
Shard Seekers
0%
Slayer Tycoon
0%
Snowball.io
0%
Snowman Simulator
0%
Snow Shoveling Simulator
0%
Sonic Pulse RP
0%
SoulShatters Test Place
0%
Speed City
0%
Speed Race
0%
Speed Run 4 Classic
0%
Spider-Man Simulator
0%
SPLASH Skate & Music
0%
SPTS Classic
0%
Squid Game - 99% Fail
0%
Squid Game X
0%
Stands Awakening
0%
steve's one piece
0%
STRONGEST PUNCH SIMULATOR
0%
Strucid Mobile
0%
Subway Surfers
0%
SUPER FUN MUSIC OBBY
0%
Super Hero Battleground
0%
Super Hero Life II
0%
Super Parkour Obby
0%
Super Power Fighting Simulator
0%
Super Power Tycoon
0%
Super Striker League
0%
Survival The Granny The Killer
0%
Survival The Killers!
0%
Survive The Disasters! Classic
0%
Survive the Night
0%
Swordbust 2
0%
Sword Fighters Simulator
0%
Taxi Boss
0%
Teamwork Puzzles 2
0%
Tearful Sacrifice Game
0%
Texting Simulator
0%
The Clown Killings Reborn
0%
The Floor is Lava (Original)
0%
The Neighborhood RP
0%
The Rake REMASTERED
0%
Thrive to Survive the Disasters!
0%
Toh but theres lava rising
0%
Toilet Obby
0%
Top Roblox Runway Model
0%
Tower of Ball
0%
Tower of Dread
0%
Tower Of Dreams - Tower Of Hell
0%
Tower of Hell - Easy
0%
Tower of Hell (Free Gravity Coil!)
0%
Tower of Jump
0%
TPS: Ultimate Soccer
0%
Trade Hangout
0%
Transforming toy simulator
0%
Treasure Quest
0%
Troll Obby
0%
Tsunami Disaster Survival
0%
Underground War 2.0
0%
UNOfficial
0%
Untitled Attack on Titan
0%
Victory Race
0%
Warrior Cats: Ultimate Edition
0%
Warrior Simulator!
0%
Where's the Baby!
0%
Wild Horse Islands
0%
Wizard Tycoon - 2 Player
0%
Wolves' Life 3
0%
WORLD DEFENDERS - Tower Defense
0%
Wormface!
0%
Zombie Strike
0%

Score Distribution

Percentile by Number Answered

Percent of People with Each Score

Your Score History

You have not taken this quiz since the last reset